[Event "BAN-chB 48th"]
[Site "Dhaka"]
[Date "2024.06.09"]
[Round "3"]
[White "Rahman, Syed Mahfuzur"]
[Black "Mohammad, Minhaz Uddin"]
[Result "0-1"]
[WhiteElo "2120"]
[BlackElo "2228"]
[PlyCount "57"]
[EventDate "2024.06.07"]
[EventType "swiss"]
[EventRounds "9"]
[EventCountry "BAN"]
[SourceTitle "EXT 2025"]
[Source "ChessBase"]
[SourceDate "2024.10.14"]
[SourceVersion "1"]
[SourceVersionDate "2024.10.14"]
[SourceQuality "1"]

1. d4 Nf6 2. c4 e6 3. Nf3 Bb4+ 4. Bd2 a5 5. g3 b6 6. Bg2 Bb7 7. 0-0 0-0 8. Bg5 Be7 9. d5 h6 10. Bxf6 Bxf6 11. Nc3 Bxc3 12. bxc3 d6 13. Rb1 Re8 14. Nd4 e5 15. Nb5 Na6 16. f4 exf4 17. Rxf4 Qg5 18. e4 Re7 19. Qf3 Rf8 20. h4 Qg6 21. Bh3 Bc8 22. Bxc8 Rxc8 23. Nd4 h5 24. Nc6 Rd7 25. Rf1 Re8 26. Rf5 f6 27. Kg2 Nc5 28. Re1 Qg4 29. Rf4 0-1

[Event "Dhaka op"]
[Site "Dhaka"]
[Date "2024.01.23"]
[Round "9"]
[White "Mohammad, Minhaz Uddin"]
[Black "Subrota, Biswas"]
[Result "1/2-1/2"]
[WhiteElo "2224"]
[BlackElo "2223"]
[PlyCount "42"]
[EventDate "2024.01.15"]
[EventType "swiss"]
[EventRounds "9"]
[EventCountry "BAN"]
[SourceTitle "CBM 218 Extra"]
[Source "ChessBase"]
[SourceDate "2024.03.31"]
[SourceVersion "1"]
[SourceVersionDate "2024.03.31"]
[SourceQuality "1"]

1. e4 c6 2. d4 d5 3. exd5 cxd5 4. c4 Nf6 5. Nc3 e6 6. Nf3 Be7 7. Bd3 0-0 8. 0-0 dxc4 9. Bxc4 a6 10. a3 b5 11. Bb3 Bb7 12. Qd3 Nbd7 13. Bc2 Qc7 14. Bg5 Rfd8 15. Rac1 Rac8 16. Rfd1 Qb8 17. Qe2 Re8 18. Ne5 Nxe5 19. dxe5 Nd5 20. Bxe7 Nxc3 21. bxc3 Rxe7 1/2-1/2

[Event "Dhaka op"]
[Site "Dhaka"]
[Date "2024.01.19"]
[Round "5"]
[White "Mohammad, Minhaz Uddin"]
[Black "Md Abzid, Rahman"]
[Result "1-0"]
[WhiteElo "2224"]
[BlackElo "2004"]
[PlyCount "73"]
[EventDate "2024.01.15"]
[EventType "swiss"]
[EventRounds "9"]
[EventCountry "BAN"]
[SourceTitle "CBM 218 Extra"]
[Source "ChessBase"]
[SourceDate "2024.03.31"]
[SourceVersion "1"]
[SourceVersionDate "2024.03.31"]
[SourceQuality "1"]

1. e4 c5 2. Nf3 Nf6 3. e5 Nd5 4. Nc3 Nxc3 5. dxc3 Nc6 6. Bf4 Qb6 7. b3 Qc7 8. Bd3 h6 9. h4 e6 10. Qe2 a6 11. 0-0-0 Qa5 12. Kb1 b5 13. Be4 Bb7 14. Bd2 Qc7 15. Bc1 0-0-0 16. Bb2 Na5 17. Nd2 Be7 18. c4 bxc4 19. Nxc4 Nxc4 20. Qxc4 f5 21. Bxb7+ Kxb7 22. h5 Qc6 23. f4 Rhg8 24. Bc3 g5 25. hxg6 Rxg6 26. Rh3 d5 27. exd6 Rxd6 28. Rxd6 Bxd6 29. Rd3 Bc7 30. Be5 Bxe5 31. fxe5 Rg4 32. Qc3 Qb5 33. Rd6 Qb4 34. Qe3 Rxg2 35. a3 Qe4 36. Qxc5 Qe1+ 37. Ka2 1-0

[Event "Asia zt 3.2"]
[Site "Dhaka"]
[Date "2023.05.08"]
[Round "7"]
[White "Md Abzid, Rahman"]
[Black "Mohammad, Minhaz Uddin"]
[Result "0-1"]
[WhiteElo "2083"]
[BlackElo "2228"]
[PlyCount "68"]
[EventDate "2023.05.02"]
[EventType "swiss"]
[EventRounds "9"]
[EventCountry "BAN"]
[SourceTitle "CBM 214 Extra"]
[Source "ChessBase"]
[SourceDate "2023.07.31"]
[SourceVersion "1"]
[SourceVersionDate "2023.07.31"]
[SourceQuality "1"]

1. d4 Nf6 2. Nf3 e6 3. e3 b6 4. Bd3 Bb7 5. 0-0 c5 6. b3 Nc6 7. Bb2 Nb4 8. Be2 cxd4 9. exd4 Nbd5 10. g3 h5 11. c4 Ne7 12. Nh4 g5 13. d5 Bg7 14. Nf3 g4 15. Nh4 exd5 16. cxd5 Bxd5 17. Na3 0-0 18. Bd3 Ne8 19. Bxg7 Nxg7 20. Qd2 f5 21. Rfe1 Be6 22. Qh6 Nc6 23. Nb5 Rf6 24. Ng6 Qe8 25. Qh8+ Kf7 26. Qh7 Qb8 27. Nf4 Ne5 28. Nxh5 Nf3+ 29. Kf1 Rg6 30. Nf4 Rg5 31. Rxe6 dxe6 32. Rc1 Qh8 33. Rc7+ Kf6 34. Rxg7 Qxg7 0-1

[Event "Asia zt 3.2"]
[Site "Dhaka"]
[Date "2023.05.05"]
[Round "4"]
[White "Mohammad, Minhaz Uddin"]
[Black "Ghosh, Chanchal Kumer"]
[Result "1/2-1/2"]
[WhiteElo "2228"]
[BlackElo "2020"]
[PlyCount "97"]
[EventDate "2023.05.02"]
[EventType "swiss"]
[EventRounds "9"]
[EventCountry "BAN"]
[SourceTitle "CBM 214 Extra"]
[Source "ChessBase"]
[SourceDate "2023.07.31"]
[SourceVersion "1"]
[SourceVersionDate "2023.07.31"]
[SourceQuality "1"]

1. e4 c5 2. Nf3 d6 3. d4 cxd4 4. Nxd4 Nf6 5. Nc3 a6 6. h3 e5 7. Nb3 b5 8. Bg5 Nbd7 9. Nd5 Bb7 10. c4 Bxd5 11. cxd5 Be7 12. Bxf6 Bxf6 13. a4 bxa4 14. Rxa4 Qb6 15. Bc4 0-0 16. 0-0 Rfc8 17. Qe2 a5 18. Rfa1 Nc5 19. Nxc5 Qxc5 20. Bb5 Rcb8 21. Rc4 Qb6 22. Rc6 Qd8 23. b3 Be7 24. Rac1 Bf8 25. R1c3 Ra7 26. g3 g6 27. h4 h5 28. Kg2 Kg7 29. Ba4 Be7 30. Qc2 Qf8 31. Rc8 Rxc8 32. Rxc8 Bd8 33. Qe2 Qe7 34. Bc6 Qf6 35. Qb5 Bc7 36. Re8 g5 37. hxg5 Qxg5 38. Bd7 h4 39. Bf5 hxg3 40. fxg3 a4 41. bxa4 Ra5 42. Qd7 Rc5 43. Qe7 Rc2+ 44. Kh3 Qh5+ 45. Qh4 Rh2+ 46. Kxh2 Qe2+ 47. Kh3 Qf1+ 48. Kg4 Qe2+ 49. Kh3 1/2-1/2

[Event "Dhaka Walton op"]
[Site "Dhaka"]
[Date "2023.04.09"]
[Round "7"]
[White "Mohammad, Minhaz Uddin"]
[Black "Rahman, Ziaur"]
[Result "1/2-1/2"]
[WhiteElo "2233"]
[BlackElo "2460"]
[PlyCount "79"]
[EventDate "2023.04.03"]
[EventType "swiss"]
[EventRounds "9"]
[EventCountry "BAN"]
[SourceTitle "EXT 2024"]
[Source "ChessBase"]
[SourceDate "2023.10.10"]
[SourceVersion "1"]
[SourceVersionDate "2023.10.10"]
[SourceQuality "1"]

1. e4 e6 2. d4 d5 3. Nd2 Be7 4. Bd3 c5 5. dxc5 Nf6 6. Qe2 0-0 7. Ngf3 a5 8. 0-0 Na6 9. e5 Nd7 10. c4 Ndxc5 11. Bb1 d4 12. Rd1 d3 13. Qf1 Qd7 14. Nb3 Rd8 15. Nxc5 Nxc5 16. Be3 b6 17. Bxc5 Bxc5 18. Rxd3 Qe7 19. Rxd8+ Qxd8 20. Be4 Ra7 21. Rd1 Rd7 22. Rxd7 Qxd7 23. Qe2 h6 24. b3 Ba6 25. a4 Qc7 26. g3 g6 27. Qd2 Bf8 28. Qd4 Bc5 29. Qb2 Bb4 30. Kg2 Bc8 31. h4 Bd7 32. Qd4 Bc5 33. Qd3 Be8 34. Ba8 Bf8 35. Nh2 Qb8 36. Qe4 Bg7 37. f4 Qd8 38. Nf1 Bf8 39. Bb7 Qd1 40. Qf3 1/2-1/2

[Event "BAN-chB 47th"]
[Site "Dhaka"]
[Date "2022.11.05"]
[Round "10"]
[White "Subrota, Biswas"]
[Black "Mohammad, Minhaz Uddin"]
[Result "1-0"]
[WhiteElo "2288"]
[BlackElo "2255"]
[PlyCount "63"]
[EventDate "2022.10.27"]
[EventType "swiss"]
[EventRounds "11"]
[EventCountry "BAN"]
[SourceTitle "EXT 2024"]
[Source "ChessBase"]
[SourceDate "2023.10.10"]
[SourceVersion "1"]
[SourceVersionDate "2023.10.10"]
[SourceQuality "1"]

1. d4 Nf6 2. c4 e6 3. Nc3 Bb4 4. e3 b6 5. Nge2 Ne4 6. f3 Nxc3 7. bxc3 Be7 8. e4 d6 9. Ng3 Bh4 10. Bd3 e5 11. 0-0 Bxg3 12. hxg3 h5 13. f4 Bg4 14. Be2 Bxe2 15. Qxe2 h4 16. Qg4 hxg3 17. fxe5 dxe5 18. Qxg3 Rh7 19. Qxe5+ Qe7 20. Qd5 c6 21. Qf5 g6 22. Qc8+ Qd8 23. Qxd8+ Kxd8 24. Rf6 Kc7 25. e5 c5 26. Bg5 Rh5 27. Raf1 Rxg5 28. Rxf7+ Kd8 29. Rf8+ Ke7 30. R1f7+ Ke6 31. Rb7 cxd4 32. cxd4 1-0